00466cam a22001337a 4500008004000000082002100040245008400061260004700145300000800192500003500200650001900235700003800254700004000292180718b1968 xxu||||| |||| 00| 0 eng d aT21206x54 In2 SG aReport of the study group for cotton textilescby National Commission On Labour aDelhibNational Commission On Labourc1968 a52p aP.B.Gajendragadhkar : Chairman aLabor --India. aGajendragadhkar, P.B. ( chairman) aIndia.National Commission On Labour